| 000 | 00478nam a2200121Ia 4500 | ||
|---|---|---|---|
| 008 | 160712s9999 xx 000 0 und d | ||
| 100 | _aDavid, Clarissa C. | ||
| 245 |
_cClarissa C. David, _aCelebrity Politics: Correlates of Voting for Celebrities in Philippine Presidential Elections |
||
| 260 |
_c2015 _bSocial Science Diliman |
||
| 300 | _avol. 11 no. 2 | ||
| 650 | _xSOCIAL SCIENCE | ||
| 856 | _uhttp://journals.upd.edu.ph/index.php/socialsciencediliman/issue/view/510/showToc | ||
| 999 |
_c297113 _d297113 |
||